000 00742nam a2200241 i 4500
001 bg
100 1 _aFEDOROWICZ, Zdzisław
_d(1922-2007).
245 1 0 _aFinanse przedsiębiorstwa /
_cZdzisław Fedorowicz.
260 _aWarszawa :
_b"Poltext",
_c1995.
300 _a165, [2] s. :
_bwykr. ;
_c21 cm.
490 1 _aStudia Finansowo-Bankowe / Szkoła Główna Handlowa
504 _aBibliogr. s. [167].
650 9 _aPrzedsiębiorstwo
_xfinanse
655 _aPodręczniki akademickie
830 0 _aStudia Finansowo-Bankowe (Szkoła Główna Handlowa)
020 _a8385366423
040 _cBPK
041 0 _apl
080 _a658.14/.17(075.8)
920 _a83-85366-42-3
942 _cKS
008 s pl f |000 0 pol
999 _c32084
_d32084
856 _uhttp://koha.tu.koszalin.pl/cgi-bin/koha/opac-detail.pl?biblionumber=32084
_yKatalog online BPK